| 000 | 01696nam0a2200313 4500 | ||
|---|---|---|---|
| 001 | RU\NLR\bibl\524207 | ||
| 005 | 20260407071041.0 | ||
| 035 | _a(NLR Aleph) 000516591 | ||
| 090 |
_a1266678 _c1266678 |
||
| 100 | _a20040527d2001 |||y0rusy50 ca | ||
| 101 | 0 | _arus | |
| 102 | _aRU | ||
| 105 | _aa ||||||||| | ||
| 200 | 1 |
_aАнатолий Гаврилович Золотарев _eГеолог и геоморфолог _eЮбил. вып. _e[Сб. ст. _fРедкол.: В.В. Андреев - пред. и др.] |
|
| 210 |
_aИркутск _cГеоИГУ _d2001 |
||
| 215 |
_a213 с. _cил., портр. _d21 |
||
| 225 | 1 |
_aВестник ГеоИГУ _fАссоц. выпускников и сотрудников геол. фак. Иркут. гос. ун-та (ГеоИГУ) _vN 3 |
|
| 320 | _aБиблиогр. в конце ст. | ||
| 320 | _aОпубл. тр. А.Г. Золотарева : с. 201-212 (138 назв.) | ||
| 600 | 1 |
_aЗолотарев _bА.Г. _f1921 _gАнатолий Гаврилович _92296314 _3RU\NLR\auth\661375010 |
|
| 686 | _aД3д(2)Золотарев | ||
| 686 | _aД823д(2)Золотарев | ||
| 702 | 1 |
_4340 _8rus _7ca _aАндреев _bВ. В. _cканд. геол.-минерал. наук _f1940-2009 _gВалерий Владимирович _3RU\NLR\auth\7750180 _933115 |
|
| 712 | 0 | 2 |
_4570 _aИркутский государственный университет _bГеологический факультет _bАссоциация выпускников и сотрудников _3RU\NLR\AUTH\8810034594 _9567495 |
| 801 | 0 |
_aRU _bNLR _c20040527 _gPSBO |
|
| 801 | 1 |
_aRU _bNLR _c20040527 |
|
| 942 | _cBOOK | ||
| 980 | _aNB | ||